Desarrollo de habilidades de observación en la formación de liderazgo escolar a través de videos de clases (Record no. 180385)
[ view plain ]
| 000 -CABECERA | |
|---|---|
| campo de control de longitud fija | 02247cab a2200301 ab4500 |
| 005 - FECHA Y HORA DE LA ÚLTIMA TRANSACCIÓN | |
| campo de control | 20230124124359.0 |
| 008 - ELEMENTOS DE LONGITUD FIJA--INFORMACIÓN GENERAL | |
| campo de control de longitud fija | 991125c2014 cl fr p o 000 0 spa d |
| 035 ## - NÚMERO DE CONTROL DEL SISTEMA | |
| Número de control de sistema | UPN01000208284 |
| 040 ## - FUENTE DE LA CATALOGACIÓN | |
| Centro catalogador/agencia de origen | MX-MxUPN |
| Lengua de catalogación | spa |
| Centro/agencia transcriptor | MX-MxUPN |
| Normas de descripción | aacr2 |
| 049 ## - COLECCIÓN | |
| Colección | ART-E |
| 100 1# - ASIENTO PRINCIPAL--NOMBRE PERSONAL | |
| Nombre de persona | Müller, Magdalena |
| 100 1# - ASIENTO PRINCIPAL--NOMBRE PERSONAL | |
| Filiación | mbmuller@uc.cl |
| 100 1# - ASIENTO PRINCIPAL--NOMBRE PERSONAL | |
| Nombre de persona | Volante, Paulo |
| 100 1# - ASIENTO PRINCIPAL--NOMBRE PERSONAL | |
| Nombre de persona | Grau, Valexka |
| 100 1# - ASIENTO PRINCIPAL--NOMBRE PERSONAL | |
| Nombre de persona | Preiss, David D. |
| 245 10 - MENCIÓN DE TÍTULO | |
| Título | Desarrollo de habilidades de observación en la formación de liderazgo escolar a través de videos de clases |
| Medio | [recurso electrónico en línea] |
| 506 0# - NOTA DE RESTRICCIONES AL ACCESO | |
| Limitaciones de acceso | Acceso abierto |
| 520 3# - NOTA DE RESUMEN, ETC. | |
| Sumario, etc. | El estudio evalúa la efectividad en Chile de una intervención en el desarrollo de habilidades de observación de sala de clases en el marco de un programa de formación en liderazgo educacional con énfasis en prácticas de influencia instruccional. Se aplicó una estrategia de video formación a través de un formato semi-presencial con exposición simultánea y masiva a videos y prácticas de observación de clases. Se analizaron 171 registros de observación aplicados como pre y post-test en un lapso de 5 meses. Se analizó el foco con que observaban, operacionalizado en la noción de triángulo instruccional. Este permite apreciar cuán centrada o distribuida está la atención del observador en el desempeño del docente, la actividad del estudiante o el contenido curricular. Se realizaron pruebas de comparación de medias, utilizando la prueba t de Student para muestras relacionadas. También se analizaron las modalidades de observación, detectando énfasis descriptivos, interpretativos o evaluativos. Se evidencian cambios significativos en el patrón y modalidad de observación, lo que permite afirmar que las estrategias de video formación son efectivas para desarrollar habilidades de liderazgo instruccional. |
| 650 #4 - ASIENTO SECUNDARIO DE MATERIA - TERMINO TEMATICO | |
| 9 (RLIN) | 3026 |
| Término de materia o nombre geográfico como elemento de entrada | Liderazgo educativo |
| 653 0# - TERMINO DE INDIZACION - NO CONTROLADO | |
| Término no controlado | Liderazgo instrucccional |
| 653 0# - TERMINO DE INDIZACION - NO CONTROLADO | |
| Término no controlado | Habilidades de observación |
| 653 0# - TERMINO DE INDIZACION - NO CONTROLADO | |
| Término no controlado | Psicología en el aula |
| 773 ## - ENLACE AL DOCUMENTO FUENTE/ENTRADA DE REGISTRO ANFITRIÓN | |
| Parte(s) relacionada(s) | Vol. 23, no. 2 (2014), p. 1-12 |
| Título | Psykhe |
| Número Internacional Normalizado para Publicaciones Seriadas | 0718-2228 |
| 856 4# - LOCALIZACIÓN Y ACCESO ELECTRÓNICOS | |
| Identificador Uniforme del Recurso | <a href="http://ojs.uc.cl/index.php/psykhe/article/view/21293">http://ojs.uc.cl/index.php/psykhe/article/view/21293</a> |
| 902 ## - ELEMENTOS DE DATOS B LOCAL, LDB (RLIN) | |
| Creó | Leonor Sotres |
| Modificó | Leonor Sotres/240123/M |
| 905 ## - TIPO DE MATERIAL | |
| Tipo de material | Articulo |
| 942 ## - ELEMENTOS DE PUNTO DE ACCESO ADICIONAL (KOHA) | |
| Tipo de ítem Koha | Artículo Electrónico |
| Estado de retiro | Estado de pérdida | Estado dañado | No para préstamo | Código de colección | Localización permanente | Ubicación/localización actual | Ubicación en estantería | Fecha de adquisición | Total de préstamos | Fecha visto por última vez | Identificador Uniforme del Recurso | Precio válido a partir de | Tipo de ítem Koha |
|---|---|---|---|---|---|---|---|---|---|---|---|---|---|
| Acceso abierto | Bib. Gregorio Torres Quintero | Bib. Gregorio Torres Quintero | En línea | 24/01/2023 | 24/01/2023 | http://ojs.uc.cl/index.php/psykhe/article/view/21293 | 24/01/2023 | Artículo Electrónico |
